书目信息 |
| 题名: |
e书法
|
|
| 作者: | 徐剑青 著 | |
| 分册: | ||
| 出版信息: | 南京 南京大学出版社 2008.08 |
|
| 页数: | 93页 | |
| 开本: | 26cm | |
| 丛书名: | ||
| 单 册: | ||
| 中图分类: | J292.1 | |
| 科图分类: | ||
| 主题词: | 计算机应用--ji suan ji ying yong--书法--中国 | |
| 电子资源: | ||
| ISBN: | 978-7-305-05308-5 | |
| 000 | 00778nam0 2200229 450 | |
| 001 | 012009063575 | |
| 005 | 20090505160845.16 | |
| 010 | @a978-7-305-05308-5@dCNY40.00 (含光盘) | |
| 100 | @a20090505d2008 em y0chi0120 ea | |
| 101 | 0 | @achi |
| 102 | @aCN@b320000 | |
| 105 | @aa z 000yy | |
| 106 | @ar | |
| 200 | 1 | @ae书法@Ae shu fa@f徐剑青著@Fxu jian qing zhu |
| 210 | @a南京@c南京大学出版社@d2008.08 | |
| 215 | @a93页@c图@d26cm@e光盘1片 | |
| 330 | @a本书分7个章节,对e书法的相关知识作了介绍,具体内容包括什么是e书法、e书法应用示例、e书法的基本技法、e书法常用艺书技法、e书法谈等。 | |
| 606 | 0 | @a计算机应用@Aji suan ji ying yong@x书法@y中国 |
| 690 | @aJ292.1@v4 | |
| 701 | 0 | @a徐剑青@Axu jian qing@4著 |
| 801 | 0 | @aCN@bQSSK@c20090505 |
| 905 | @b742401-03@dJ292.1@eX735@f3 | |
| e书法/徐剑青著.-南京:南京大学出版社,2008.08 |
| 93页:图;26cm+光盘1片 |
| ISBN 978-7-305-05308-5:CNY40.00 (含光盘) |
| 本书分7个章节,对e书法的相关知识作了介绍,具体内容包括什么是e书法、e书法应用示例、e书法的基本技法、e书法常用艺书技法、e书法谈等。 |
| ● |
| 相关链接 |
|
|
|
正题名:e书法
索取号:J292.1/X735
 
预约/预借
| 序号 | 登录号 | 条形码 | 馆藏地/架位号 | 状态 | 备注 |
| 1 | 742401 | 207424018 | 社科库309/309社科库 79排1列4层/ [索取号:J292.1/X735] | 在馆 | |
| 2 | 742402 | 207424027 | 社科库309/309社科库 79排1列4层/ [索取号:J292.1/X735] | 在馆 | |
| 3 | 742403 | 207424036 | 社科库309/309社科库 79排1列4层/ [索取号:J292.1/X735] | 在馆 |